Statistieken voor Snelle Wiskunde - Vierkantswortels

Klik hier om de quiz te nemen!

Algemene statistieken

  • Deze quiz is 155 keer genomen
  • De gemiddelde score is 16 van 30

Antwoordstatistieken

√x=% Correct
√14412
97%
√648
95%
∛1255
80%
√819
80%
√366
76%
√164
73%
√12111
72%
√19614
71%
√16913
70%
√42
66%
∛82
65%
∛00
64%
∛273
57%
∛11
56%
∛100010
53%
√22515
53%
√40020
53%
√25616
50%
∛644
48%
∛3437
46%
√32418
44%
√44121
40%
√28917
39%
∛337515
32%
∛7299
32%
∛133111
31%
∛5128
28%
∛409616
24%
∛219713
22%
∛172812
19%

Scoreverdeling

Percentiel versus Aantal Correcte Antwoorden

Procent van Mensen met Elke Score

Uw Scoregeschiedenis

U heeft deze quiz nog niet genomen